| Tag |
First Indicator |
Second Indicator |
Subfields |
| LEADER |
00000cam a2200000 a 4500 |
| 001 |
in00000861721 |
| 005 |
20151019104712.0 |
| 008 |
880501s1988 dcua b f00000 eng d |
| 010 |
|
|
|a gp 88012423
|
| 035 |
|
|
|a (OCoLC)17882285
|
| 035 |
|
|
|9 AEH3278AM
|
| 040 |
|
|
|a GPO
|c GPO
|d UtOrBLW
|
| 043 |
|
|
|a n-us---
|
| 050 |
|
0 |
|a 88012423
|
| 074 |
|
|
|a 627
|
| 086 |
0 |
|
|a I 20.2:Ed 8/11/final/review
|
| 245 |
0 |
0 |
|a Report on BIA education :
|b excellence in Indian education through the effective schools process : final review draft /
|c Office of Indian Education Programs, Bureau of Indian Affairs, U.S. Department of the Interior.
|
| 264 |
|
1 |
|a [Washington, D.C.?] :
|b The Office,
|c [1988]
|
| 300 |
|
|
|a xxxii, 261 pages :
|b illustrations ;
|c 28 cm.
|
| 336 |
|
|
|a text
|b txt
|2 rdacontent
|
| 337 |
|
|
|a unmediated
|b n
|2 rdamedia
|
| 338 |
|
|
|a volume
|b nc
|2 rdacarrier
|
| 500 |
|
|
|a Shipping list number: 88-220-P.
|
| 500 |
|
|
|a "March 1988."
|
| 504 |
|
|
|a Includes bibliographies.
|
| 650 |
|
0 |
|a Indians of North America
|x Education.
|
| 650 |
|
0 |
|a Federal aid to education
|z United States.
|
| 710 |
1 |
|
|a United States.
|b Bureau of Indian Affairs.
|b Office of Indian Education Programs.
|
| 999 |
|
|
|a MARS
|
| 999 |
f |
f |
|s 6bec7e83-01b0-3bc1-a14d-f955b45b1b1b
|i fb141500-682f-3180-b802-d2804f635706
|t 0
|
| 952 |
f |
f |
|p normal
|a Texas A&M University
|b College Station
|c Sterling C. Evans Library
|d Evans: US Documents (Annex 5th floor)
|t 0
|e I 20.2:Ed 8/11/final/review
|h Superintendent of Documents classification
|i unmediated -- volume
|m A14814869405
|
| 998 |
f |
f |
|a I 20.2:Ed 8/11/final/review
|t 0
|l Evans: US Documents (Annex 5th floor)
|